Rozhodovacie stromy v marketingových analýzach

Rozhodovacie stromy ako vhodný a obľúbený nástroj na klasifikáciu a predikciu. Pojem rozhodovací strom. Klasifikačné a regresné stromy. Časť klasifikačného stromu pre vznik poistnej udalosti. Kritériá a miery delenia rozhodovacích stromov. Príklady dobrého a zlého delenia uzlov. Typy rozhodovacíc...

ver descrição completa

Na minha lista:
Detalhes bibliográficos
Autor principal: Stankovičová, Iveta
Formato: Capítulo de Livro
Idioma:eslovaco
Assuntos:
Tags: Adicionar Tag
Sem tags, seja o primeiro a adicionar uma tag!

MARC

LEADER 00000naa$a2200000$$$4500
001 0028151
005 20231005084457.1
041 0 |a slo 
044 |a SK 
245 1 0 |a Rozhodovacie stromy v marketingových analýzach  |c Iveta Stankovičová 
520 |a Rozhodovacie stromy ako vhodný a obľúbený nástroj na klasifikáciu a predikciu. Pojem rozhodovací strom. Klasifikačné a regresné stromy. Časť klasifikačného stromu pre vznik poistnej udalosti. Kritériá a miery delenia rozhodovacích stromov. Príklady dobrého a zlého delenia uzlov. Typy rozhodovacích stromov. Prerezávanie rozhodovacích stromov. Použitie rozhodovacích stromov v praxi. 
610 2 0 |a analýzy 
610 2 0 |a výskum dopytu 
610 2 0 |a marketing 
610 2 0 |a modelovanie 
610 2 0 |a dáta 
610 2 0 |a prieskum odbytový 
100 1 |a Stankovičová, Iveta